La ciudad de México : contiene el origen de los nombres de muchas de sus calles y plazas, del de varios establecimientos públicos y privados, y no pocas noticias curiosas y entretenidas /
Guardado en:
| Hovedforfatter: | |
|---|---|
| Format: | Bog |
| Sprog: | spansk |
| Udgivet: |
México :
Jesús Medina,
1969, c1969
|
| Fag: | |
| Tags: |
Ingen Tags, Vær først til at tagge denne postø!
|
MARC
| LEADER | 00000nam^a2200000^a^4500 | ||
|---|---|---|---|
| 001 | 000269958 | ||
| 005 | 20250521000000.0 | ||
| 008 | 071113 19691969 | ||
| 009 | 20260310110941.864 | ||
| 025 | |a Donación sin dato, 3 volúmenes (1 ejemplar de cada uno) | ||
| 037 | |a Acervo ITESO - Biblioteca | ||
| 041 | |a ESP | ||
| 082 | |a 972. 53203 |b MAR | ||
| 100 | |a Marroquí, José María |e (autor) | ||
| 240 | 1 | 4 | |a [La ciudad de México, de José María Marroquí] |
| 245 | 1 | 3 | |a La ciudad de México : |b contiene el origen de los nombres de muchas de sus calles y plazas, del de varios establecimientos públicos y privados, y no pocas noticias curiosas y entretenidas / |c J.M. Marroquí. |
| 264 | 4 | |a México : |b Jesús Medina, |c 1969, c1969 | |
| 300 | |a 3 v. (636, 652, 754 p.) | ||
| 336 | |a texto |b txt |2 rdacontenido | ||
| 337 | |a sin mediación |b n |2 rdamedio | ||
| 338 | |a volumen |b nc |2 rdasoporte | ||
| 534 | |a Reproducción facsimilar de la edición original de 1900-1903, publicada por la Tipografía y Litográfica La Europea de J. Aguilar Vera en la Ciudad de México | ||
| 649 | |a XX | ||
| 650 | |a Calles - |z México (Ciudad) - |x Historia | ||
| 650 | |a Nombres Geográficos - |z México (Ciudad) - |x Historia | ||
| 650 | |a México (Ciudad) - |x Historia - |y Epoca Colonial, 1517-1821 - |x Tema Principal | ||
| 650 | |a México (Ciudad) - |x Historia - |y Siglo XIX | ||
| 650 | |a México - |x Historia - |y Epoca Colonial, 1517-1821 | ||
| 650 | |a México - |x Historia - |y Siglo XIX | ||
| 910 | |a Fondo General | ||
| 920 | |a Impresos - Libros | ||
| 930 | |a Reserva Especial | ||
| 905 | |a 103 | ||
| 901 | |a 0500154939 |b IT1 |c REE |u 20250521 | ||
| 901 | |a 0500154925 |b IT1 |c REE |u 20250521 | ||
| 901 | |a 0500154928 |b IT1 |c REE |u 20250521 | ||
| 902 | |a https://opac.biblio.iteso.mx/vufind/Record/000269958 | ||